000 00670nam a2200205 i 4500
001 26641
003 ES-MaACL
005 20230906153458.0
007 t|
008 030110s1976 ag ||||1| rus d
100 1 _aArtsybashev, Mijail Petrovich.
_923502
245 1 0 _aSánin /
_cpor Mijail Petrovich Artsybashev ; [traducción directa del ruso por G. Portnof].
260 _aBuenos Aires :
_bEmecé,
_c[1946] (
_fCompañía Impresora Argentina)
300 _a364 p. :
_bil. ;
_c19 cm.
490 1 _aLa puerta de marfil
700 1 _aPortnof, G.
_993282
830 0 _aLa puerta de marfil
_9229177
852 _aES-MaACL
_jD-5671
_bR.30895
999 _c26641
_d26641